000 01316nam a2200337 a 4500
001 ebr10476813
003 CaPaEBR
006 m u
007 cr cn|||||||||
008 081124s2009 nyua sb 001 0 eng d
010 _z 2008048531
020 _z9780875866819 (trade paper : alk. paper)
020 _z9780875866826 (hard cover : alk. paper)
020 _z9780875866833 (e-book)
040 _aCaPaEBR
_cCaPaEBR
035 _a(OCoLC)457041294
043 _ae-gr---
050 1 4 _aDF217
_b.S94 2009eb
082 0 4 _a938/.01
_222
100 1 _aSweeney, Emmet John.
245 1 0 _aGods, heroes and tyrants
_h[electronic resource] :
_bGreek chronology in chaos /
_cEmmet Sweeney.
246 3 0 _aGreek chronology in chaos
260 _aNew York :
_bAlgora Pub.,
_c2009.
300 _ax, 181 p. :
_bcol. ill.
504 _aIncludes bibliographical references and index.
533 _aElectronic reproduction.
_bPalo Alto, Calif. :
_cebrary,
_d2011.
_nAvailable via World Wide Web.
_nAccess may be limited to ebrary affiliated libraries.
651 0 _aGreece
_xHistory
_yTo 146 B.C.
_vChronology.
655 7 _aElectronic books.
_2local
710 2 _aebrary, Inc.
856 4 0 _uhttp://site.ebrary.com/lib/rucke/Doc?id=10476813
_zAn electronic book accessible through the World Wide Web; click to view
999 _c116621
_d116621